| 000 | 01694nam a2200229Ia 4500 | ||
|---|---|---|---|
| 003 | Ost | ||
| 005 | 20260507074943.0 | ||
| 008 | 260507s9999||||xx |||||||||||||| ||und|| | ||
| 020 | _a9774220333 | ||
| 040 | _cfsecg | ||
| 041 | _aara | ||
| 082 | _a330;332.06 | ||
| 100 |
_aالنجار، فريد _eمؤلف |
||
| 245 | 0 |
_aالاقتصاد الرقمى : _bالانترنت واعادة هيكلة الاستثمار والبورصات والبنوك الالكترونية / _c فريد النجار |
|
| 260 |
_aالاسكندرية: _bدار الجامعية, _c2007 |
||
| 300 |
_a545 صفحة؛ _bإيضاحات ؛ _c24 سم |
||
| 520 | _aيعرض هذا الكتاب الاقتصادر الرقمي الذي يشير أداء الشركات والحكومات في القرن العشرين الى الاستثمارات العربية وتدهور عائدها وتزايد مخاطرها فعلى الصعيد العالمي تتجه الاستثمارات الأجنبية المباشرة في الأصول الرأسمالية الى الولايات المتحدة الأمريكية واليابان وكندا، كما تتجه أيضا الاستثمارات الأجنبية غير المباشرة هيكل الإقتصاد الرقمي/ الانترنيت و أعادة هيكلة الاستثمار و البورصات و البنوك الالكترونية/ الاستثمار /البورصة الالكترونية/السياسة النقدية الالكترونية/ السياسة الضريبية | ||
| 653 | _aاقتصاد دولي الكتروني | ||
| 653 | _aاقتصاد رقمى | ||
| 653 | _aاقتصاد عربي الكتروني | ||
| 942 | _cكتاب | ||
| 999 |
_c41945 _d41945 |
||